Größte Stadt in jedem Land der Welt auf einer Karte - Statistiken

Allgemein
  • Dieses Quiz wurde 222 mal gespielt
    143 seit der letzten Aktualisierung
  • Das Durchschnittsergebnis liegt bei 103 aus 196
Antworten auf der Karte
Die Antworten werden auf der Karte rot bzw. grün angezeigt, abhängig davon wie oft sie richtig erraten wurden.
 
Antwortstatistiken
Land % Korrekt
New York
95%
Berlin
91%
Mexiko-Stadt
91%
Paris
91%
Moskau
89%
Lissabon
87%
London
87%
Madrid
87%
Dublin
86%
Stockholm
86%
Buenos Aires
85%
Rom
85%
Amsterdam
84%
Helsinki
84%
Kopenhagen
84%
Oslo
84%
Sydney
84%
Tokio
84%
Warschau
84%
Wien
84%
Istanbul
83%
Kiew
83%
Reykjavik
83%
Toronto
83%
Prag
82%
Bogota
81%
Lima
81%
Athen
80%
Riga
80%
Zürich
80%
Budapest
79%
Kairo
79%
Seoul
79%
Bukarest
78%
Minsk
78%
Santiago
78%
Sofia
78%
Zagreb
78%
Jakarta
76%
La Habana
76%
Sao Paulo
76%
Tunis
76%
Ljubljana
75%
Vilnius
74%
Algier
73%
Belgrad
73%
Bratislava
73%
Dubai
73%
Schaan
73%
Tirana
73%
Bangkok
72%
Jerusalem
72%
Montevideo
72%
Riad
72%
Sarajevo
72%
Teheran
72%
Johannesburg
71%
Panama-Stadt
71%
Shanghai
71%
Skopje
69%
Mumbai
68%
Luxemburg
67%
Antwerpen
66%
Bagdad
66%
Baku
66%
Chisinau
66%
Kabul
66%
Manila
66%
Pjöngjang
66%
Tiflis
66%
Casablanca
65%
Ulaanbaatar
64%
Doha
63%
Kuala Lumpur
63%
Lagos
63%
Dhaka
62%
Pristina
62%
Tallinn
61%
Kingston
60%
Kingstown
60%
Nairobi
60%
Auckland
59%
Guatemala-Stadt
59%
Kinshasa
59%
Kuwait
59%
Podgorica
59%
Sanaa
59%
Tripolis
59%
Nikosia
58%
Asuncion
57%
Dakar
57%
San Salvador
57%
Singapur
57%
Addis Abeba
56%
Beirut
56%
Jerewan
56%
Windhoek
56%
Amman
54%
Kathmandu
54%
Nassau
54%
Dschibuti-Stadt
53%
Luanda
53%
Taschkent
53%
San Jose
51%
Accra
50%
Port au Prince
50%
Antananarivo
49%
Freetown
49%
Male
49%
Mogadischu
49%
Port Moresby
49%
Andorra la Vella
48%
Santo Domingo
48%
Vatikanstadt
48%
Bischkek
47%
Brazzaville
47%
Manama
47%
Phnom Penh
47%
Asgabat
46%
Colombo
46%
Ho-Chi-Minh-Stadt
46%
Managua
46%
Duschanbe
45%
Georgetown
42%
Juba
42%
Kampala
42%
Bamako
41%
Harare
41%
Kigali
41%
Lusaka
41%
Niamey
41%
Paramaribo
41%
Maputo
40%
Aleppo
39%
Lome
39%
Ndjamena
39%
Sao Tome
39%
Vientiane
39%
Asmara
38%
Karatschi
38%
Victoria
38%
Ouagadougou
37%
Thimphu
37%
Bangui
36%
Bissau
36%
Gaborone
35%
Monrovia
35%
Praia
35%
Belize Stadt
34%
Dili
34%
Libreville
34%
Port Louis
34%
Almaty
33%
Lilongwe
33%
Maseru
33%
Nouakchott
33%
Conakry
32%
Port of Spain
32%
Suva
32%
Dar-es-Salaam
30%
Bandar Seri Begawan
28%
Neu-Taipeh
28%
Apia
26%
Yaren
26%
Funafuti
25%
Saint Johns
25%
Bridgetown
24%
Monaco-Stadt/Monte Carlo
24%
Moroni
24%
Rangun/Yangon
24%
Saint Georges
24%
Abidjan
23%
Port Vila
22%
Majuro
20%
Nukuʻalofa
20%
Castries
19%
Guayaquil
19%
Tegucigalpa
19%
Bujumbura
18%
Honiara
18%
Basseterre
16%
Santa Cruz de la Sierra
16%
Douala
14%
Maracaibo
12%
Cotonou
10%
Koror
5%
Omdurman
5%
Saint Pauls Bay
5%
Bata
4%
As-Sib
3%
Manzini
3%
Serravalle
3%
Betio
1%
Weno
1%
Saint Georgre
0%
Serekumda
0%
Keine übereinstimmenden Quizze gefunden
Verteilung der Resultate
Anzahl Personen mit jedem Resultat
Perzentil nach korrekt beantworteten Fragen
Ihre Resultats-Entwicklung
Sie haben dieses Quiz seit der letzten Aktualisierung nicht gespielt